Chuẩn đoán định khu các bệnh hệ thần kinh Sách hướng dẫn tóm tắt

Spremljeno u:
Bibliografski detalji
Glavni autor: A.V.Triumphop
Format: Knjiga
Jezik:Undetermined
Izdano: Hà Nội Y học 1974
Teme:
Oznake: Dodaj oznaku
Bez oznaka, Budi prvi tko označuje ovaj zapis!
Thư viện lưu trữ: Trung tâm Học liệu Trường Đại học Cần Thơ
LEADER 00529nam a2200181Ia 4500
001 CTU_45939
008 210402s9999 xx 000 0 und d
082 |a 616.807 
082 |b T841 
100 |a A.V.Triumphop 
245 0 |a Chuẩn đoán định khu các bệnh hệ thần kinh 
245 0 |b Sách hướng dẫn tóm tắt 
245 0 |c A.V.Triumphop 
260 |a Hà Nội 
260 |b Y học 
260 |c 1974 
650 |a neurology 
980 |a Trung tâm Học liệu Trường Đại học Cần Thơ